O que vamos contar? (Registo nº 6026)

Detalhes MARC
000 -Etiqueta do registo
Valores 01439nam a2200277 4500
010 ## - Número ISBN
ISBN 9789898681140
021 ## - Número do Depósito Legal
Número 432615/17
100 ## - Dados gerais de processamento
Dados gerais 20250930d2017 c y0pory50030103ba
200 1# - Titulo e menção de responsabilidade
Título próprio O que vamos contar?
Primeira menção de responsabilidade Ana Maria Magalhães, Isabel Alçada
Outras menções de responsabilidade il. Raquel Pinheiro
210 #9 - Publicação
Local de publicação Cascais
Nome do editor Cercica
Data de publicação 2017
215 ## - Descrição física 
Paginação / Volumes 44, [2] p.
Outras indicações físicas muito il.
Dimensões 24 cm
Material acompanhante Contém DVD
225 2# - Colecção 
Título próprio da colecção Todos a ler
225 2# - Colecção 
Título próprio da colecção 4 leituras
330 ## - Sumário ou Resumo
Texto da nota sta história, para ler na sala de aula, em família ou individualmente, destaca a diversidade cultural hoje existente nas escolas portuguesas, que deve ser valorizada junto das crianças como uma riqueza acrescida.<br/><br/>DVD: Na história O Que Vamos Contar? encontras o relato de situações engraçadas, relativas aos países de origem das famílias dos alunos da professora Maria.<br/><br/>O Que Vamos Fazer?", jogo incluído no DVD, valoriza a atenção, procurando recordar pequenos pormenores da história deste livro, e a informação, disponibilizando curiosidades sobre cada país para que, também tu, possas criar a tua história
606 ## - Nome comum usado como assunto
ID Autoridade 14
Palavra de ordem Literatura infantil
606 ## - Nome comum usado como assunto
ID Autoridade 15
Palavra de ordem Literatura Portuguesa
675 ## - CDU
Notação 82-93
Edição BN
Língua por
675 ## - CDU
Notação 821.134.3
Edição BN
Língua por
700 ## - Autor principal (pessoa individual)
Apelido Magalhães
Nome Ana Maria
ID Autoridade 805
701 ## - Co-autor principal (pessoa individual)
Apelido Alçada
Nome Isabel
ID Autoridade 806
702 ## - Autor secundário (pessoa individual)
Apelido Pinheiro
Nome Raquel
Datas 1976-
ID Autoridade 5715
801 #0 - Fonte de origem
País PT
Agência BEN2VN
Regras de catalogação RPC
830 ## - Notas gerais do catalogador
Criado por Tânia Croca
Data de criação 30/09/2025
990 ## - Elementos KOHA
Tipo de documento Livro
Exemplares
Situação do levantamento Biblioteca de origem Código de barras Cota Permissão de empréstimo Tipo de documento Forma de aquisição
  Biblioteca Escola Nº2 Vendas Novas 100000029747 LI POR/MAG   Livro  

Powered by Koha